Famous People Named Brad - Statistics

General Stats
  • This quiz has been taken 179 times
    86 since last reset
  • The average score is 5 of 17
Answer Stats
Life Hint Person % Correct
1963– Actor in Se7en and 12 Monkeys Brad Pitt
91%
1975– Actor in The Hangover and Silver Linings Playbook Bradley Cooper
79%
1920–2012 Writer of Fahrenheit 451 Ray Bradbury
44%
1977– Quarterback widely regarded as one of the greatest NFL players Tom Brady
44%
Fictional Patriarch of the Brady Bunch, played by Robert Reed Mike Brady
36%
1893–1981 US World War 2 general who the Bradley Fighting Vehicle is named after Omar Bradley
36%
1972– Whose Line Is It Anyway? and Let's Make a Deal Wayne Brady
36%
Fictional Matriarch of the Brady Bunch, played by Florence Henderson Carol Brady
32%
1957– Directed The Iron Giant, The Incredibles, and Ratatouille Brad Bird
27%
1972– Country music star of "She's Everything" and "Whiskey Lullaby" Brad Paisley
24%
1950– Voiced Chucky in Child's Play and played Wormtongue in Lord of the Rings Brad Dourif
22%
1959– Actor in The West Wing and Billy Madison Bradley Whitford
15%
1982–2008 Young actor in The Client and Apt Pupil Brad {Renfro}
15%
1951–2007 Original lead singer and frontman of the rock band Boston Brad {Delp}
12%
1941–2006 Broadcast journalist and news anchor of 60 Minutes and CBS News Ed Bradley
12%
1968–1996 Lead singer and guitarist of Sublime Bradley {Nowell}
10%
1968– Drummer of Rage Against the Machine and Audioslave Brad {Wilk}
6%
No matching quizzes found
Score Distribution
Percent of People with Each Score
Percentile by Number Answered
Your Score History
You have not taken this quiz since the last reset